[Event "Gligoric Cup 7th"]
[Site "Backa Palanka"]
[Date "2021.06.03"]
[Round "1.1"]
[White "Nenezic, Marko"]
[Black "Petkovic, Radosav"]
[Result "1-0"]
[WhiteElo "2532"]
[BlackElo "2223"]
[PlyCount "77"]
[EventDate "2021.06.03"]
[EventType "team-tourn"]
[EventRounds "5"]
[EventCountry "SRB"]
[SourceTitle "CBM 203 Extra"]
[Source "ChessBase"]
[SourceDate "2021.09.30"]
[SourceVersion "1"]
[SourceVersionDate "2021.09.30"]
[SourceQuality "1"]
[WhiteTeam "Goracici Jelica"]
[BlackTeam "Srbobran"]
[WhiteTeamCountry "SRB"]
[BlackTeamCountry "SRB"]

1. Nf3 Nf6 2. c4 g6 3. Nc3 Bg7 4. e4 d6 5. d4 0-0 6. Be2 e5 7. 0-0 Nc6 8. d5 Ne7 9. b4 a5 10. Ba3 Nd7 11. bxa5 Rxa5 12. Bb4 Ra8 13. a4 Nc5 14. a5 f5 15. Bxc5 dxc5 16. Qb3 fxe4 17. Nxe4 Rf4 18. Nxc5 e4 19. Ng5 Bxa1 20. Nce6 Qd6 21. c5 Qe5 22. d6 Bxe6 23. Nxe6 cxd6 24. cxd6 Rf7 25. dxe7 Rxe7 26. Nc7+ Kg7 27. Nxa8 Qxa5 28. Nb6 Bd4 29. Nc4 Qc5 30. Ne3 h5 31. h4 b6 32. g3 Rf7 33. Kg2 b5 34. Bxb5 Rb7 35. Rb1 Bxe3 36. fxe3 Qf5 37. Qb2+ Kh7 38. Qe2 Rb6 39. Qf1 1-0

[Event "Vrnjacka Banja Gligoric Cup 6th"]
[Site "Vrnjacka Banja"]
[Date "2019.05.26"]
[Round "5.1"]
[White "Bogosavljevic, Boban"]
[Black "Petkovic, Radosav"]
[Result "1-0"]
[WhiteElo "2519"]
[BlackElo "2201"]
[PlyCount "75"]
[EventDate "2019.05.23"]
[EventType "team-swiss"]
[EventRounds "5"]
[EventCountry "SRB"]
[SourceTitle "CBM 190 Extra"]
[Source "ChessBase"]
[SourceDate "2019.07.15"]
[SourceVersion "1"]
[SourceVersionDate "2019.07.15"]
[SourceQuality "1"]
[WhiteTeam "Goracici Jelica"]
[BlackTeam "Srbobran"]
[WhiteTeamCountry "SRB"]
[BlackTeamCountry "SRB"]

1. Nf3 Nf6 2. g3 g6 3. Bg2 Bg7 4. 0-0 0-0 5. d4 d6 6. b3 Nfd7 7. Bb2 Nc6 8. c4 e5 9. dxe5 dxe5 10. Nc3 Re8 11. Nd2 Nc5 12. Nde4 Nxe4 13. Bxe4 Nd4 14. Bg2 a6 15. e3 Ne6 16. Qxd8 Rxd8 17. Nd5 Re8 18. Rad1 Rb8 19. Ba3 Kh8 20. Nxc7 Nxc7 21. Bd6 Bg4 22. f3 Be6 23. Bxc7 Rbc8 24. Bd6 f5 25. Rfe1 g5 26. Bh3 h5 27. e4 f4 28. Bxe6 Rxe6 29. Rd5 b6 30. Red1 Rce8 31. gxf4 gxf4 32. Kf1 Bf6 33. Bc7 Rc8 34. Rd7 Kg8 35. Ke2 Be7 36. Bxb6 Kf8 37. Bf2 Ke8 38. Rb7 1-0

[Event "Vrnjacka Banja Gligoric Cup 6th"]
[Site "Vrnjacka Banja"]
[Date "2019.05.23"]
[Round "1.1"]
[White "Petkovic, Radosav"]
[Black "Drazic, Sinisa"]
[Result "0-1"]
[WhiteElo "2201"]
[BlackElo "2355"]
[PlyCount "72"]
[EventDate "2019.05.23"]
[EventType "team-swiss"]
[EventRounds "5"]
[EventCountry "SRB"]
[SourceTitle "CBM 190 Extra"]
[Source "ChessBase"]
[SourceDate "2019.07.15"]
[SourceVersion "1"]
[SourceVersionDate "2019.07.15"]
[SourceQuality "1"]
[WhiteTeam "Srbobran"]
[BlackTeam "Valjevo"]
[WhiteTeamCountry "SRB"]
[BlackTeamCountry "SRB"]

1. e4 c6 2. d4 d5 3. Nc3 dxe4 4. Nxe4 Nf6 5. Nxf6+ exf6 6. c3 Bd6 7. Bd3 0-0 8. Qc2 Re8+ 9. Ne2 h5 10. Bd2 Be6 11. c4 Nd7 12. 0-0 Nf8 13. h3 Bc7 14. Rae1 a5 15. f4 Qd6 16. Rf3 h4 17. Be3 b5 18. b3 f5 19. Bxf5 Bxf5 20. Qxf5 bxc4 21. bxc4 Qb4 22. Rc1 Qa3 23. Rc3 Qxa2 24. Qd3 a4 25. Nc1 Qb2 26. Rf2 Qb4 27. Na2 Qb8 28. Ra3 Ng6 29. f5 Nf4 30. Qd1 Re4 31. Qc2 Qe8 32. Rf3 Rxd4 33. Rxa4 Rxa4 34. Qxa4 Re4 35. Qb3 Ne2+ 36. Kf2 Nd4 0-1

[Event "EU-chT Seniors 50"]
[Site "Novi Sad"]
[Date "2017.07.03"]
[Round "9.3"]
[White "Popov, Jovan"]
[Black "Petkovic, Radosav"]
[Result "1/2-1/2"]
[WhiteElo "2078"]
[BlackElo "2242"]
[PlyCount "145"]
[EventDate "2017.06.25"]
[EventType "team-tourn"]
[EventRounds "9"]
[EventCountry "SRB"]
[SourceTitle "EXT 2018"]
[Source "ChessBase"]
[SourceDate "2017.10.13"]
[SourceVersion "1"]
[SourceVersionDate "2017.10.13"]
[SourceQuality "1"]
[WhiteTeam "Serbia Srbobran 50"]
[BlackTeam "Serbia Promocia 50"]
[WhiteTeamCountry "SRB"]
[BlackTeamCountry "SRB"]

1. d4 Nf6 2. c4 g6 3. Nc3 Bg7 4. e4 d6 5. f4 0-0 6. Nf3 c5 7. d5 e6 8. Be2 exd5 9. cxd5 Re8 10. Nd2 Na6 11. 0-0 Nc7 12. a4 b6 13. Re1 Rb8 14. Kh1 a6 15. Bf3 b5 16. axb5 axb5 17. e5 dxe5 18. Nde4 Nxe4 19. Nxe4 f5 20. Nxc5 e4 21. d6 exf3 22. dxc7 Rxe1+ 23. Qxe1 fxg2+ 24. Kg1 Qxc7 25. Qe8+ Bf8 26. Be3 b4 27. Rd1 Qe7 28. Qxe7 Bxe7 29. Kxg2 Ra8 30. Kg3 Ra2 31. Rd2 Ra5 32. Rc2 Ra8 33. Rc4 Rb8 34. Bd2 b3 35. Bc3 Kf8 36. Be5 Rb5 37. Bd4 Kf7 38. Rc3 Be6 39. Nxe6 Kxe6 40. Rc8 Bd6 41. Re8+ Kd5 42. Be5 Bxe5 43. Rxe5+ Kc4 44. Re7 Kd3 45. Rc7 Rb4 46. Rc3+ Ke2 47. h3 h6 48. Rf3 Kd2 49. Rc3 Ke2 50. Rf3 Kd2 51. Rc3 g5 52. fxg5 hxg5 53. Kf3 Kd1 54. Kg3 Ke2 55. Rf3 Rb5 56. Rc3 Kd2 57. Kf3 f4 58. Kf2 Kd1 59. Kf3 Ke1 60. Rd3 Rb4 61. Rc3 Kd1 62. Kf2 Rb5 63. Kf3 Kd2 64. Kf2 Rb8 65. Kf1 Re8 66. Rxb3 Re3 67. Rb5 Rxh3 68. Rxg5 Ke3 69. Kg2 Rh8 70. Re5+ Kd4 71. Re7 Rb8 72. Kf3 Rxb2 73. Kxf4 1/2-1/2

[Event "EU-chT Seniors 50"]
[Site "Novi Sad"]
[Date "2017.07.02"]
[Round "8.2"]
[White "Petkovic, Radosav"]
[Black "Bozic, Milan"]
[Result "0-1"]
[WhiteElo "2242"]
[BlackElo "2404"]
[PlyCount "50"]
[EventDate "2017.06.25"]
[EventType "team-tourn"]
[EventRounds "9"]
[EventCountry "SRB"]
[SourceTitle "CBM 179 Extra"]
[Source "ChessBase"]
[SourceDate "2017.08.23"]
[SourceVersion "1"]
[SourceVersionDate "2017.08.23"]
[SourceQuality "1"]
[WhiteTeam "Serbia Srbobran 50"]
[BlackTeam "Serbia Chess Kruzok 50"]
[WhiteTeamCountry "SRB"]
[BlackTeamCountry "SRB"]

1. e4 c6 2. d4 d6 3. c4 e5 4. Ne2 Nf6 5. Nbc3 Be7 6. h3 h5 7. g3 a5 8. Bg2 Nbd7 9. Be3 Rb8 10. a4 Nf8 11. f4 Ng6 12. Qd2 Bd7 13. Rd1 Qc8 14. Qd3 Qc7 15. c5 dxc5 16. dxc5 Rd8 17. Qc2 exf4 18. gxf4 Nh4 19. Bf1 g5 20. fxg5 Nh7 21. Ng1 Nxg5 22. Qf2 Be6 23. Be2 Rg8 24. Bxh5 Nxe4 25. Rxd8+ Qxd8 0-1

[Event "EU-chT Seniors 50"]
[Site "Novi Sad"]
[Date "2017.07.01"]
[Round "7.2"]
[White "Cramling, Dan"]
[Black "Petkovic, Radosav"]
[Result "1-0"]
[WhiteElo "2377"]
[BlackElo "2242"]
[PlyCount "69"]
[EventDate "2017.06.25"]
[EventType "team-tourn"]
[EventRounds "9"]
[EventCountry "SRB"]
[SourceTitle "CBM 179 Extra"]
[Source "ChessBase"]
[SourceDate "2017.08.23"]
[SourceVersion "1"]
[SourceVersionDate "2017.08.23"]
[SourceQuality "1"]
[WhiteTeam "Sweden 50"]
[BlackTeam "Serbia Srbobran 50"]
[WhiteTeamCountry "SWE"]
[BlackTeamCountry "SRB"]

1. d4 f5 2. g3 Nf6 3. Bg2 g6 4. Nf3 d6 5. 0-0 Bg7 6. b3 0-0 7. Bb2 Nc6 8. c4 e5 9. dxe5 Ng4 10. Nc3 dxe5 11. e4 Nf6 12. Re1 fxe4 13. Ng5 Bg4 14. Qxd8 Raxd8 15. h3 Bf5 16. g4 Bc8 17. Ncxe4 Nd4 18. Bxd4 exd4 19. Nc5 Bh6 20. Nge6 Bd2 21. Red1 Bc3 22. Rac1 b6 23. Nxd8 bxc5 24. Nc6 a5 25. Ne5 Ne8 26. Nd3 Bb4 27. a3 Bc3 28. Rc2 a4 29. Nxc5 axb3 30. Nxb3 Rf4 31. Re2 Kf8 32. Re4 Rxe4 33. Bxe4 Nd6 34. Bd5 c6 35. c5 1-0

[Event "Vojvodina-chT 2nd League"]
[Site "Stari Banovci"]
[Date "2013.11.06"]
[Round "4"]
[White "Kolognat, Petar"]
[Black "Petkovic, Radosav"]
[Result "1/2-1/2"]
[WhiteElo "2293"]
[BlackElo "2264"]
[PlyCount "23"]
[EventDate "2013.11.03"]
[EventType "team-tourn"]
[EventRounds "11"]
[EventCountry "SRB"]
[SourceTitle "EXT 2015"]
[Source "ChessBase"]
[SourceDate "2014.11.20"]
[SourceVersion "1"]
[SourceVersionDate "2014.11.20"]
[SourceQuality "1"]

1. e4 e5 2. Nf3 Nc6 3. Nc3 Nf6 4. d4 exd4 5. Nxd4 Bb4 6. Nxc6 bxc6 7. Bd3 0-0 8. 0-0 d5 9. exd5 cxd5 10. Bg5 c6 11. Qf3 Bd7 12. h3 1/2-1/2

[Event "Vojvodina-chT 2nd League"]
[Site "Stari Banovci"]
[Date "2013.11.05"]
[Round "3"]
[White "Remecki, Sinisa"]
[Black "Petkovic, Radosav"]
[Result "0-1"]
[WhiteElo "2232"]
[BlackElo "2264"]
[PlyCount "88"]
[EventDate "2013.11.03"]
[EventType "team-tourn"]
[EventRounds "11"]
[EventCountry "SRB"]
[SourceTitle "EXT 2015"]
[Source "ChessBase"]
[SourceDate "2014.11.20"]
[SourceVersion "1"]
[SourceVersionDate "2014.11.20"]
[SourceQuality "1"]

1. d4 Nf6 2. Nc3 d5 3. Bg5 e6 4. e4 Be7 5. e5 Nfd7 6. h4 c5 7. Bxe7 Kxe7 8. Qg4 Kf8 9. dxc5 Nxe5 10. Qg3 Nbc6 11. 0-0-0 Qa5 12. Bb5 f6 13. Nge2 a6 14. Bxc6 bxc6 15. h5 Qxc5 16. h6 g6 17. Nd4 Nf7 18. Qc7 Qd6 19. Qxc6 Qxc6 20. Nxc6 Bd7 21. Nb4 Ne5 22. Nd3 Nxd3+ 23. Rxd3 Bc6 24. Ne2 Bb5 25. Rd2 Kf7 26. Nd4 Bd7 27. Nb3 Rac8 28. Kd1 Rc4 29. Rd4 Rxd4+ 30. Nxd4 e5 31. Nb3 Rc8 32. c3 g5 33. Ke2 Be6 34. Kd2 Kg6 35. Na5 d4 36. cxd4 Rd8 37. a3 Rxd4+ 38. Kc3 Rf4 39. f3 g4 40. fxg4 Rxg4 41. Nb7 Rg3+ 42. Kc2 Rxg2+ 43. Kc3 Rg3+ 44. Kc2 Bd5 0-1

[Event "Vojvodina-ch 4th"]
[Site "Novi Sad"]
[Date "2013.07.02"]
[Round "7"]
[White "Petkovic, Radosav"]
[Black "Nestorovic, Dejan"]
[Result "0-1"]
[WhiteElo "2273"]
[BlackElo "2428"]
[PlyCount "72"]
[EventDate "2013.06.28"]
[EventType "swiss"]
[EventRounds "9"]
[EventCountry "SRB"]
[SourceTitle "CBM 155 Extra"]
[Source "ChessBase"]
[SourceDate "2013.08.26"]
[SourceVersion "1"]
[SourceVersionDate "2013.08.26"]
[SourceQuality "1"]

1. e4 c5 2. Nf3 e6 3. d4 cxd4 4. Nxd4 Nc6 5. Nb5 d6 6. c4 a6 7. Nd4 Nf6 8. Nc3 Be7 9. Be2 0-0 10. 0-0 Qc7 11. Be3 Ne5 12. Rc1 b6 13. f4 Rd8 14. fxe5 dxe5 15. Nd5 exd5 16. cxd5 Bc5 17. Nc2 Nxe4 18. Bf3 Nd6 19. b4 Bxe3+ 20. Nxe3 Qe7 21. Qb3 Bb7 22. a4 Rac8 23. Nc4 e4 24. Nxd6 Rxc1 25. Rxc1 Rxd6 26. Be2 Rxd5 27. Qxd5 Bxd5 28. Rc8+ Qf8 29. Rxf8+ Kxf8 30. Bxa6 f5 31. a5 bxa5 32. bxa5 Ke7 33. g3 g5 34. Bc8 f4 35. gxf4 gxf4 36. Kf2 Kd6 0-1

[Event "Vojvodina-ch 4th"]
[Site "Novi Sad"]
[Date "2013.07.01"]
[Round "6"]
[White "Petkovic, Radosav"]
[Black "Kumic, Filip"]
[Result "1-0"]
[WhiteElo "2273"]
[BlackElo "2237"]
[PlyCount "109"]
[EventDate "2013.06.28"]
[EventType "swiss"]
[EventRounds "9"]
[EventCountry "SRB"]
[SourceTitle "CBM 155 Extra"]
[Source "ChessBase"]
[SourceDate "2013.08.26"]
[SourceVersion "1"]
[SourceVersionDate "2013.08.26"]
[SourceQuality "1"]

1. e4 c5 2. Nf3 d6 3. d4 cxd4 4. Nxd4 Nf6 5. Nc3 a6 6. g3 e5 7. Nde2 Nbd7 8. a4 b6 9. Bg2 Bb7 10. h3 Be7 11. g4 Nc5 12. Ng3 0-0 13. 0-0 b5 14. axb5 axb5 15. Rxa8 Bxa8 16. b4 Ne6 17. Nf5 g6 18. Nxe7+ Qxe7 19. Qd3 Nd4 20. Bg5 Qe6 21. Nxb5 Nxb5 22. Bxf6 Nd4 23. c3 Qxf6 24. cxd4 exd4 25. Rd1 Rb8 26. Qxd4 Qxd4 27. Rxd4 Kg7 28. g5 h6 29. h4 hxg5 30. hxg5 Rb6 31. f4 Rc6 32. b5 Rb6 33. Bf1 Bb7 34. Kf2 Bc8 35. Ke3 Bd7 36. e5 Bxb5 37. Rb4 dxe5 38. fxe5 Bxf1 39. Rxb6 Bh3 40. Kd4 Kf8 41. Rb7 Ke8 42. Kc5 Kf8 43. Kd6 Be6 44. Rb8+ Kg7 45. Ke7 Bd5 46. Rb6 Bc4 47. e6 fxe6 48. Rxe6 Bd3 49. Rc6 Be4 50. Rc7 Bf5 51. Kd6+ Kg8 52. Ke5 Kh8 53. Kf6 Be4 54. Rg7 Bf5 55. Rxg6 1-0

[Event "Senta op-A 16th"]
[Site "Senta"]
[Date "2012.07.15"]
[Round "3"]
[White "Petkovic, Radosav"]
[Black "Simonyi, Zoltan"]
[Result "0-1"]
[WhiteElo "2302"]
[BlackElo "2219"]
[PlyCount "166"]
[EventDate "2012.07.14"]
[EventType "swiss"]
[EventRounds "9"]
[EventCountry "SRB"]
[SourceTitle "CBM 149 Extra"]
[Source "ChessBase"]
[SourceDate "2012.08.24"]
[SourceVersion "1"]
[SourceVersionDate "2012.08.24"]
[SourceQuality "1"]

1. e4 c6 2. d4 d5 3. Nc3 dxe4 4. Nxe4 Bf5 5. Ng3 Bg6 6. Nh3 Nf6 7. Nf4 e6 8. h4 Bd6 9. h5 Be4 10. Nxe4 Nxe4 11. Qf3 Ng5 12. Qe3 h6 13. Bd2 Nd7 14. Nd3 Nf6 15. 0-0-0 Qe7 16. c3 0-0-0 17. g3 Nd5 18. Qe2 Nb6 19. Bg2 Nh7 20. Ne5 Nf6 21. Nc4 Nxc4 22. Qxc4 Qc7 23. Bf3 Kb8 24. Rhe1 Rd7 25. Kb1 Rc8 26. Qa4 Ka8 27. b4 Qb6 28. Qb3 Qb5 29. Qc2 Rcd8 30. c4 Qf5 31. Qxf5 exf5 32. Bc3 Kb8 33. Kc2 Kc8 34. a3 Re8 35. Rxe8+ Nxe8 36. d5 c5 37. g4 Rc7 38. Kd3 fxg4 39. Bxg4+ Kd8 40. Rg1 b6 41. Bd1 f6 42. Ba4 Re7 43. bxc5 Bxc5 44. Bb4 Nd6 45. Rg4 Kc7 46. Bxc5 bxc5 47. Bc2 Ne8 48. Kd2 Kd6 49. Bg6 Nc7 50. Rg1 Na6 51. Rb1 Kc7 52. Rb5 Rd7 53. Bf5 Rd6 54. Rb3 Rb6 55. Rg3 Kd6 56. Rxg7 Ke5 57. Bd3 f5 58. Kc3 Nb8 59. Rf7 Kf4 60. Bxf5 Kg5 61. Bg6 Ra6 62. Kb3 Rb6+ 63. Ka2 a5 64. Ra7 Na6 65. Be8 Kf6 66. Bb5 Nb8 67. Rxa5 Ke5 68. Ra8 Kd4 69. d6 Kc3 70. Rxb8 Rxb8 71. d7 Rf8 72. f4 Rg8 73. Bc6 Kxc4 74. a4 Kb4 75. f5 c4 76. f6 Kc5 77. f7 Rf8 78. d8Q Rxd8 79. Be8 Rd2+ 80. Ka3 Rd3+ 81. Ka2 Rf3 82. a5 Kb4 83. a6 Rf2+ 0-1

[Event "Vojvodina-ch 3rd"]
[Site "Novi Sad"]
[Date "2012.07.02"]
[Round "6"]
[White "Ilijc, Milan"]
[Black "Petkovic, Radosav"]
[Result "1/2-1/2"]
[WhiteElo "2218"]
[BlackElo "2305"]
[PlyCount "140"]
[EventDate "2012.06.29"]
[EventType "swiss"]
[EventRounds "9"]
[EventCountry "SRB"]
[SourceTitle "CBM 149 Extra"]
[Source "ChessBase"]
[SourceDate "2012.08.24"]
[SourceVersion "1"]
[SourceVersionDate "2012.08.24"]
[SourceQuality "1"]

1. c4 e5 2. g3 Nf6 3. Bg2 d5 4. cxd5 Nxd5 5. Nc3 Ne7 6. Nf3 Nbc6 7. 0-0 Nf5 8. d3 Be7 9. b3 0-0 10. Bb2 Re8 11. Rc1 Bf8 12. Na4 Nfd4 13. Nc5 Rb8 14. Nxd4 Nxd4 15. e3 Nf5 16. Qc2 b6 17. Ne4 c5 18. Rfd1 Bb7 19. Qe2 f6 20. Qg4 Bc8 21. Qf3 Be6 22. Nc3 Ne7 23. Rd2 Qd7 24. Qd1 Red8 25. Ne2 Bd5 26. Bxd5+ Nxd5 27. d4 cxd4 28. exd4 Bb4 29. Rdc2 e4 30. a3 Bf8 31. Rc6 Bc5 32. R6xc5 bxc5 33. dxc5 Nf4 34. Nd4 Nd3 35. c6 Qc7 36. Qc2 Rxd4 37. Bxd4 Nxc1 38. Qxc1 Rc8 39. Qc4+ Kh8 40. Qa6 Qxc6 41. Qxa7 e3 42. Bxe3 Rd8 43. Bd2 Qc2 44. Be1 Re8 45. Bb4 Qxb3 46. Qd7 Qb1+ 47. Kg2 Qe4+ 48. Kg1 h6 49. h4 Re5 50. Qd8+ Kh7 51. Qd1 Rd5 52. Qf1 Qf3 53. Qg2 Qd3 54. Qf1 Qc2 55. Qg2 Rd1+ 56. Kh2 Qe2 57. Bc5 Rd3 58. Qb7 Rc3 59. Qb1+ Rc2 60. Be3 Qd3 61. Kg1 f5 62. a4 Qe4 63. a5 Rc6 64. Qxe4 fxe4 65. h5 g6 66. hxg6+ Kxg6 67. g4 h5 68. gxh5+ Kxh5 69. Kf1 Kg4 70. Ke2 Kf5 1/2-1/2

[Event "Backa Topola-ch"]
[Site "Backa Topola"]
[Date "2011.11.30"]
[Round "9"]
[White "Petkovic, Radosav"]
[Black "Kumic, Filip"]
[Result "1-0"]
[WhiteElo "2304"]
[BlackElo "2233"]
[PlyCount "69"]
[EventDate "2011.11.11"]
[EventType "swiss"]
[EventRounds "9"]
[EventCountry "SRB"]
[SourceTitle "CBM 145 Extra"]
[Source "ChessBase"]
[SourceDate "2012.01.03"]
[SourceVersion "1"]
[SourceVersionDate "2012.01.03"]
[SourceQuality "1"]

1. e4 c5 2. Nf3 d6 3. d4 cxd4 4. Nxd4 Nf6 5. Nc3 a6 6. g3 e5 7. Nde2 Nbd7 8. Bg2 Be7 9. a4 b6 10. 0-0 Bb7 11. Nd5 Nxd5 12. exd5 0-0 13. Be3 Rc8 14. b3 a5 15. c4 Nc5 16. Rb1 Ra8 17. f4 f5 18. Bxc5 bxc5 19. fxe5 Bg5 20. e6 g6 21. Qd3 Qe7 22. Rf3 Bf6 23. Rbf1 Kg7 24. h3 h5 25. Nf4 Bd4+ 26. Kh1 Be5 27. Nxg6 Kxg6 28. Rxf5 Rxf5 29. Rxf5 Bf6 30. g4 hxg4 31. Qe4 Rf8 32. Qxg4+ Bg5 33. Rxf8 Qxf8 34. h4 Qf6 35. Be4+ 1-0

[Event "Backa Topola-ch"]
[Site "Backa Topola"]
[Date "2011.11.21"]
[Round "5"]
[White "Petkovic, Radosav"]
[Black "Halasi, Jozsef"]
[Result "0-1"]
[WhiteElo "2304"]
[BlackElo "2119"]
[PlyCount "84"]
[EventDate "2011.11.11"]
[EventType "swiss"]
[EventRounds "9"]
[EventCountry "SRB"]
[SourceTitle "CBM 145 Extra"]
[Source "ChessBase"]
[SourceDate "2012.01.03"]
[SourceVersion "1"]
[SourceVersionDate "2012.01.03"]
[SourceQuality "1"]

1. e4 d6 2. d4 Nf6 3. Nc3 g6 4. g3 Bg7 5. Bg2 0-0 6. Nge2 e5 7. h3 c6 8. a4 a5 9. Be3 Na6 10. 0-0 exd4 11. Bxd4 Nb4 12. Nf4 Re8 13. Qd2 b6 14. Rad1 Bb7 15. Be3 Bf8 16. Rfe1 Nd7 17. Nfe2 Nc5 18. Nd4 Qc7 19. Bg5 Bg7 20. Nde2 Ne6 21. Be3 Rad8 22. b3 d5 23. exd5 cxd5 24. Nb5 Qc6 25. c3 Na6 26. c4 Nec5 27. cxd5 Qd7 28. Qc2 Nb4 29. Qb1 Be5 30. Nec3 Bc8 31. Bd4 Bxd4 32. Nxd4 Rxe1+ 33. Rxe1 Re8 34. Rd1 Qe7 35. Ncb5 Qf6 36. d6 Nbd3 37. Rxd3 Nxd3 38. Qxd3 Re1+ 39. Kh2 Qxf2 40. Nf3 Re2 41. Nh4 Re3 42. d7 Qxg3+ 0-1

[Event "Vojvodina-ch 2nd"]
[Site "Novi Sad"]
[Date "2011.07.30"]
[Round "9"]
[White "Petkovic, Radosav"]
[Black "Markov, Ziva"]
[Result "1-0"]
[WhiteElo "2280"]
[BlackElo "2154"]
[PlyCount "59"]
[EventDate "2011.07.24"]
[EventType "swiss"]
[EventRounds "9"]
[EventCountry "SRB"]
[SourceTitle "CBM 143 Extra"]
[Source "ChessBase"]
[SourceDate "2011.08.29"]
[SourceVersion "1"]
[SourceVersionDate "2011.08.29"]
[SourceQuality "1"]

1. e4 e5 2. Nf3 Nc6 3. d4 exd4 4. Nxd4 Qh4 5. Nc3 Bb4 6. Ndb5 Qxe4+ 7. Be2 Bxc3+ 8. bxc3 Kd8 9. 0-0 Nf6 10. Bg5 a6 11. Nd4 Nxd4 12. cxd4 Qf5 13. Bh4 d6 14. c4 Re8 15. Re1 Re4 16. Bg3 Qa5 17. f3 Re7 18. d5 Bf5 19. Bf2 Nh5 20. Qd4 Kd7 21. Bf1 Rae8 22. Rec1 b6 23. Qb2 Kc8 24. Rc3 Bd7 25. Ra3 Ba4 26. Rb1 b5 27. cxb5 axb5 28. Qd4 Qb6 29. Rxa4 Qxd4 30. Rxd4 1-0

[Event "Vojvodina-ch 2nd"]
[Site "Novi Sad"]
[Date "2011.07.29"]
[Round "8"]
[White "Pezelj, Novak"]
[Black "Petkovic, Radosav"]
[Result "1-0"]
[WhiteElo "2364"]
[BlackElo "2280"]
[PlyCount "29"]
[EventDate "2011.07.24"]
[EventType "swiss"]
[EventRounds "9"]
[EventCountry "SRB"]
[SourceTitle "CBM 143 Extra"]
[Source "ChessBase"]
[SourceDate "2011.08.29"]
[SourceVersion "1"]
[SourceVersionDate "2011.08.29"]
[SourceQuality "1"]

1. d4 f5 2. c4 Nf6 3. Nc3 d6 4. Nf3 g6 5. g3 Bg7 6. Bg2 0-0 7. 0-0 Nc6 8. Qc2 e5 9. dxe5 dxe5 10. Rd1 Qe7 11. Nd5 Nxd5 12. cxd5 Nb4 13. Qb3 Qd6 14. Nd2 Kh8 15. Nc4 1-0

[Event "Vojvodina-ch 2nd"]
[Site "Novi Sad"]
[Date "2011.07.28"]
[Round "6"]
[White "Leskur, Dejan"]
[Black "Petkovic, Radosav"]
[Result "1-0"]
[WhiteElo "2421"]
[BlackElo "2280"]
[PlyCount "99"]
[EventDate "2011.07.24"]
[EventType "swiss"]
[EventRounds "9"]
[EventCountry "SRB"]
[SourceTitle "CBM 143 Extra"]
[Source "ChessBase"]
[SourceDate "2011.08.29"]
[SourceVersion "1"]
[SourceVersionDate "2011.08.29"]
[SourceQuality "1"]

1. e4 e5 2. Nf3 Nc6 3. Bb5 a6 4. Ba4 Nf6 5. 0-0 Be7 6. Re1 b5 7. Bb3 0-0 8. h3 Bb7 9. d3 d6 10. c3 Na5 11. Bc2 Re8 12. Nbd2 Bf8 13. d4 c5 14. d5 c4 15. b4 cxb3 16. axb3 Bc8 17. b4 Nb7 18. Bd3 Bd7 19. Nf1 g6 20. Ng3 Bg7 21. Bd2 Rf8 22. Qe2 Ne8 23. c4 Nc7 24. Rec1 bxc4 25. Bxc4 Nb5 26. Ra2 Qb6 27. Be3 Nd4 28. Nxd4 exd4 29. Bd2 Rfc8 30. Qd3 a5 31. bxa5 Nxa5 32. Rb1 Qc5 33. Ba6 Rxa6 34. Qxa6 Nc4 35. Rc1 h5 36. Qb7 Rc7 37. Qb4 Bb5 38. Ra8+ Kh7 39. Rb8 Ba6 40. Bf4 Qa7 41. Rb1 d3 42. Qa4 Re7 43. Bg5 f6 44. Bf4 h4 45. Nf5 gxf5 46. Qd1 Kg6 47. exf5+ Kxf5 48. Qg4+ Ke4 49. Be3+ Kxd5 50. Bxa7 1-0

[Event "Senta op-A 15th"]
[Site "Senta"]
[Date "2011.07.22"]
[Round "8"]
[White "Vranic, Ljubomir"]
[Black "Petkovic, Radosav"]
[Result "1-0"]
[WhiteElo "2174"]
[BlackElo "2280"]
[PlyCount "70"]
[EventDate "2011.07.16"]
[EventType "swiss"]
[EventRounds "9"]
[EventCountry "SRB"]
[SourceTitle "CBM 143 Extra"]
[Source "ChessBase"]
[SourceDate "2011.08.29"]
[SourceVersion "1"]
[SourceVersionDate "2011.08.29"]
[SourceQuality "1"]

1. d4 f5 2. c4 Nf6 3. Nc3 g6 4. g3 Bg7 5. Bg2 0-0 6. Nh3 d6 7. d5 Qe8 8. Nf4 c6 9. Rb1 g5 10. Nd3 Qg6 11. Qb3 c5 12. h4 h6 13. hxg5 hxg5 14. Be3 Na6 15. Bf3 Nc7 16. Kd2 Rb8 17. a4 a6 18. a5 Bd7 19. Rh2 Na8 20. Rbh1 Ne4+ 21. Kc2 b5 22. g4 Nxc3 23. gxf5 Bxf5 24. Bh5 Qf6 25. bxc3 Nc7 26. Rg1 bxc4 27. Qxc4 Nb5 28. Bc1 Rfc8 29. Rhg2 Nxc3 30. Rxg5 Rb4 31. Rxg7+ Kh8 32. Qxc3 c4 33. Qxf6 cxd3+ 34. Kd2 exf6 35. exd3 Ra4 1-0

[Event "Senta op-A 15th"]
[Site "Senta"]
[Date "2011.07.16"]
[Round "1"]
[White "Penjov, Damjan"]
[Black "Petkovic, Radosav"]
[Result "0-1"]
[WhiteElo "2066"]
[BlackElo "2280"]
[PlyCount "94"]
[EventDate "2011.07.16"]
[EventType "swiss"]
[EventRounds "9"]
[EventCountry "SRB"]
[SourceTitle "CBM 143 Extra"]
[Source "ChessBase"]
[SourceDate "2011.08.29"]
[SourceVersion "1"]
[SourceVersionDate "2011.08.29"]
[SourceQuality "1"]

1. d4 Nf6 2. c4 g6 3. Nc3 Bg7 4. e4 d6 5. Be2 0-0 6. Nf3 Na6 7. 0-0 Qe8 8. Be3 Ng4 9. Qd2 Nxe3 10. Qxe3 e5 11. dxe5 dxe5 12. a3 c6 13. Rfe1 Nc7 14. Bd3 Ne6 15. Ne2 Qe7 16. Rad1 Bd7 17. Bc2 a5 18. Rd2 c5 19. Nc3 Nd4 20. Nd5 Qd6 21. Nxd4 cxd4 22. Qg3 Ra6 23. Bd3 Ra7 24. h3 Be6 25. Rc2 b6 26. Bf1 f5 27. f3 a4 28. Rd1 Raf7 29. Bd3 Re8 30. Qe1 Bh6 31. Qb4 Qxb4 32. Nxb4 fxe4 33. fxe4 Rc7 34. Nd5 Bxd5 35. exd5 Kf8 36. Re1 Be3+ 37. Kh1 Ke7 38. Rce2 Rf8 39. Rc2 Kd6 40. Rce2 Rcf7 41. Rc2 Bf2 42. Rf1 Bg3 43. Rxf7 Rxf7 44. Kg1 Bf4 45. Kf1 Be3+ 46. Ke1 Rf4 47. Re2 Kc5 0-1